Statistiken für Geboren in Wiesbaden

Klicken Sie hier um das Quiz zu spielen!

Allgemein

  • Dieses Quiz wurde 39 mal gespielt
    (8 seit der letzten Aktualisierung)
  • Das Durchschnittsergebnis liegt bei 4 aus 14

Antwortstatistiken

HinweisAntwort% Korrekt
früherer Fußballnationalspieler und Legende von Eintracht Frankfurt1944Jürgen Grabowski
63%
deutscher Dartspieler und nur einer von zwei deutschen Spielern in den Top 50 der Weltrangliste1996Max Hopp
50%
Komiker und Schauspieler, "Switch Reloaded" "... Knigge"1967Michael Kessler
50%
ehemaliger Rennfahrer und Formel 1 Weltmeister für Mercedes1985Nico Rosberg
50%
Fußballtorwart, Hertha BSC Berlin1992Alexander Schwolow
38%
langjähriger Sportdirektor von Eintracht Frankfurt1961Bruno Hübner
38%
Journalist und Sprecher der Tagesthemen1974Ingo Zamperoni
13%
schweizerische Schauspielerin, "jerks" "Scherbenpark"1989Jasna Fritzi Bauer
13%
Schauspieler und Träger des Iffland-Ringes1972Jens Harzer
13%
US-amerikanischer Tennisspieler und siebenfacher Grand Slam Sieger1959John McEnroe
13%
Schweizer Unternehmer und Gründer von Mövenpick1916Ueli Prager
13%
Filmregisseur, "Die Blechtrommel"1939Volker Schlöndorff
13%
amerikanischer Basketballspieler, (Portland Trail Blazers, New York Knicks, Denver Nuggets)1958Kiki VanDeWeghe
0%
CDU-Politikerin, früherer Familienministerin und erste Bundesministerin die im Amt Mutter wurde1977Kristina Schröder
0%

Verteilung der Resultate

Perzentil nach korrekt beantworteten Fragen

Anzahl Personen mit jedem Resultat

Ihre Resultats-Entwicklung

Sie haben dieses Quiz seit der letzten Aktualisierung nicht gespielt